| 000 | 00000nas 2200000za 4500 |
| 001 | 9.814830 |
| 003 | CaOODSP |
| 005 | 20221107141855 |
| 007 | cr ||||||||||| |
| 008 | 160411d19811983oncar p ous f000#a0eng|d |
| 022 | |y0822-0441 |
| 040 | |aCaOODSP|beng |
| 043 | |an-cn--- |
| 086 | 1 |aCS85-X-201E-PDF |
| 086 | 1 |aCS85-522E-PDF |
| 245 | 00|aJuvenile court statistics |h[electronic resource] / |cStatistics Canada, Canadian Centre for Justice Statistics. |
| 260 | |aOttawa : |bThe Centre, |c1983-1985. |
| 310 | |aAnnual |
| 362 | 0 |a1981-1982/1983. |
| 500 | |aIssued also in French under title: Statistique sur les tribunaux pour les jeunes. |
| 500 | |aDigitized edition from print [produced by Statistics Canada]. |
| 692 | 07|2gccst|aYoung offenders |
| 692 | 07|2gccst|aCourts |
| 710 | 2 |aCanadian Centre for Justice Statistics. |
| 710 | 2 |aStatistics Canada. |
| 775 | 08|tStatistique sur les tribunaux pour les jeunes |w(CaOODSP)9.814833 |
| 785 | 00|tYouth court statistics, preliminary tables ... |w(CaOODSP)9.814836 |